000 00398nam a2200145Ia 4500
008 100122s9999 xx 000 0 und d
082 _b8851
_a821
100 _aकुसुमाग्रज
245 _aमेघदूत
260 _bपॉप्युलर बुक डेपो
_c1956
300 _a68
630 _aमेघदूत
730 _aमेघदूत
942 _cBOOK
999 _c401049
_d401046